00741nam a2200229Ia 45000010006000000050017000060070003000230080041000260400025000670410008000920820022001001000034001222450065001562500014002212600062002353000019002976530020003166530014003369420012003509520132003629990017004943336220240114001644.0ta061219s327 g b000 u 346 u aCotton College,Assam a346 a891.4437bM 896 G aMukhopadhyay, Prabhat Kumar . 0aGalpanjali /cPrabhat Kumar Mukhopadhyay.hTextual Documents a1st ed. / aCalcutta :bGurudas Chattopadhya & Sons ,c1327 Bangabda. a193p. ;c22cm. aBengali Fiction aG-Bengali 2ddccBK 001040708Circulation (G)aSKBLbSKBLd2012-02-01f00000l0o891.4437 M 896 Gp352.13r2024-01-14 00:00:00t1w2012-02-01yBK c33344d33344